Кн. 2; Методы элементоорганической химии. Подгруппы меди, скандия, титана, ванадия, хрома, марганца. Лантаноиды и актиноиды

Bibliografiske detaljer
Parent link:Методы элементоорганической химии. Подгруппы меди, скандия, титана, ванадия, хрома, марганца. Лантаноиды и актиноиды: в 2 кн./ А. Н. Несмеянов [и др.]; Академия наук СССР (АН СССР), Институт элементоорганических соединений им. А. Н. Несмеянова (ИНЭОС), (Москва) ; под ред. А. Н. Несмеянова , К. А. Кочешкова. Кн. 2.— , 1974
Sprog:russisk
Udgivet: 1974
Fag:
Format: Bog
KOHA link:https://koha.lib.tpu.ru/cgi-bin/koha/opac-detail.pl?biblionumber=250606

MARC

LEADER 00000nam2a2200000 4500
001 250606
005 20231101232559.0
035 |a (RuTPU)RU\TPU\book\272821 
035 |a RU\TPU\book\160052 
090 |a 250606 
100 |a 20140214d1974 k y0rusy50 ca 
101 0 |a rus 
102 |a RU 
105 |a y z 001zy 
200 0 |a Кн. 2 
210 |d 1974 
215 |a 971 с.  |c ил. 
320 |a Библиография в конце глав. 
320 |a Предметный указатель: с. 927-954. 
461 1 |0 (RuTPU)RU\TPU\book\190065  |t Методы элементоорганической химии. Подгруппы меди, скандия, титана, ванадия, хрома, марганца. Лантаноиды и актиноиды  |o в 2 кн.  |f А. Н. Несмеянов [и др.]  |g Академия наук СССР (АН СССР), Институт элементоорганических соединений им. А. Н. Несмеянова (ИНЭОС), (Москва) ; под ред. А. Н. Несмеянова , К. А. Кочешкова  |v Кн. 2  |d 1974 
606 1 |a Элементоорганические соединения  |x Химия  |2 stltpush  |3 (RuTPU)RU\TPU\subj\21138  |9 46177 
610 1 |a хромоорганические соединения 
610 1 |a синтез 
610 1 |a комплексы 
610 1 |a химические свойства 
610 1 |a синтез 
610 1 |a реакции 
610 1 |a молибденорганические соединения 
610 1 |a вольфраморганические соединения 
610 1 |a марганецорганические соединения 
610 1 |a технецийорганические соединения 
610 1 |a ренийорганические соединения 
610 1 |a лантаноиды 
610 1 |a актиноиды 
675 |a 547.1'1  |v 3 
801 1 |a RU  |b 63413507  |c 20081119  |g PSBO 
801 2 |a RU  |b 63413507  |c 20170630  |g PSBO 
942 |c BK